| Tag |
First Indicator |
Second Indicator |
Subfields |
| LEADER |
00000cam a2200000 i 4500 |
| 001 |
in00003500913 |
| 005 |
20151206125141.0 |
| 008 |
140718s2014 nyu b 001 0 eng |
| 010 |
|
|
|a 2014022918
|
| 020 |
|
|
|a 9781137026606
|
| 020 |
|
|
|a 113702660X
|
| 035 |
|
|
|a (OCoLC)ocn881511077
|
| 040 |
|
|
|a DLC
|e rda
|c DLC
|d UtOrBLW
|
| 043 |
|
|
|a e-uk---
|
| 049 |
|
|
|a TXAM
|
| 050 |
0 |
0 |
|a DA125.C5
|b C53 2014
|
| 082 |
0 |
0 |
|a 306.85/089951041
|2 23
|
| 100 |
1 |
|
|a Clayton, Carmen Lau,
|d 1983-
|e author.
|
| 245 |
1 |
0 |
|a British Chinese families :
|b parenting approaches, household relationships and childhood experiences /
|c Carmen Lau-Clayton, University of Leeds, UK.
|
| 264 |
|
1 |
|a New York :
|b Palgrave Macmillan,
|c 2014.
|
| 300 |
|
|
|a x, 206 pages ;
|c 23 cm.
|
| 336 |
|
|
|a text
|b txt
|2 rdacontent
|
| 337 |
|
|
|a unmediated
|b n
|2 rdamedia
|
| 338 |
|
|
|a volume
|b nc
|2 rdacarrier
|
| 490 |
1 |
|
|a Palgrave Macmillan studies in family and intimate life
|
| 504 |
|
|
|a Includes bibliographical references (pages 172-194) and index.
|
| 650 |
|
0 |
|a Chinese
|z Great Britain.
|
| 650 |
|
0 |
|a Families
|z Great Britain.
|
| 650 |
|
0 |
|a Parenting
|z Great Britain.
|
| 830 |
|
0 |
|a Palgrave Macmillan studies in family and intimate life.
|
| 945 |
|
|
|a PromptCat
|b 28347
|
| 946 |
|
|
|a stk
|
| 947 |
|
|
|a A14840324302
|
| 948 |
|
|
|a cataloged
|b h
|c 2015/1/23
|d c
|e dmitchel
|f 8:50:40 am
|
| 994 |
|
|
|a 92
|b TXA
|
| 999 |
|
|
|a MARS
|
| 999 |
f |
f |
|s ec00bee4-6d42-3360-b140-484554f28cda
|i d7ee576b-64fe-3faf-a946-6255cbc85c68
|t 0
|
| 952 |
f |
f |
|p normal
|a Texas A&M University
|b College Station
|c Sterling C. Evans Library
|d Evans: Library Stacks
|t 0
|e DA125.C5 C53 2014
|h Library of Congress classification
|i unmediated -- volume
|m A14840324302
|
| 998 |
f |
f |
|a DA125.C5 C53 2014
|t 0
|l Evans: Library Stacks
|